ឃeffect of different nitrogen rates on growth and yield of pok choy (BRASSICA CHINENSIS) ប្រសិទ្ធភាពនៃការប្រើប្រាស់បរិមាណអាសូតខុសៗគ្នាទៅលើកាលូទលាស់និង ទិន្នផលដំណាំស្ពៃតឿ (Record no. 18054)

000 -LEADER
fixed length control field 00735nam a22001577a 4500
003 - CONTROL NUMBER IDENTIFIER
control field OSt
005 - DATE AND TIME OF LATEST TRANSACTION
control field 20190724143523.0
008 - FIXED-LENGTH DATA ELEMENTS--GENERAL INFORMATION
fixed length control field 190724b xxu||||| |||| 00| 0 eng d
040 ## - CATALOGING SOURCE
Transcribing agency RUA
082 ## - DEWEY DECIMAL CLASSIFICATION NUMBER
Classification number AGR LOM 2017 B636 Or.1
100 ## - MAIN ENTRY--PERSONAL NAME
9 (RLIN) 13726
Personal name LOM CHANEAKSMEY ឡុំ ចាន់រស្មី
245 ## - TITLE STATEMENT
Title ឃeffect of different nitrogen rates on growth and yield of pok choy (BRASSICA CHINENSIS) ប្រសិទ្ធភាពនៃការប្រើប្រាស់បរិមាណអាសូតខុសៗគ្នាទៅលើកាលូទលាស់និង ទិន្នផលដំណាំស្ពៃតឿ
260 ## - PUBLICATION, DISTRIBUTION, ETC. (IMPRINT)
Place of publication, distribution, etc. RUA
Name of publisher, distributor, etc. Phnom penh
Date of publication, distribution, etc. 2017
300 ## - PHYSICAL DESCRIPTION
Extent viii;33p
Other physical details ill;
Dimensions 29cm
942 ## - ADDED ENTRY ELEMENTS (KOHA)
Source of classification or shelving scheme
Koha item type AGR
Holdings
Price effective from Date last seen Permanent Location Not for loan Date acquired Source of classification or shelving scheme Koha item type Lost status Withdrawn status Date last checked out Total Checkouts Shelving location Damaged status Barcode Current Location Full call number
2019-07-242019-07-24Library Block B 2019-07-24 AGR    B636 A44657Library Block BAGR LOM 2017 B636 Or.1
2019-07-242019-07-24Library Block B 2019-07-24 AGR    B636 A44732Library Block BAGR LOM 2017 B636 Or.2
2019-07-242022-02-22Library Block B 2019-07-24 AGR  2022-02-044B636 A45097Library Block BAGR LOM 2017 B636 Or.3
2019-07-242024-06-21Library Block B 2019-07-24 AGR  2024-06-071B636 A45130Library Block BAGR LOM 2017 B636 Or.4
2019-07-242019-07-24Library Block B 2019-07-24 AGR    B636 A45123Library Block BAGR LOM 2017 B636 Or.5
2019-07-242022-08-03Library Block B 2019-07-24 AGR  2022-08-011B636 A44727Library Block BAGR LOM 2017 B636 Or.6
មជ្ឈមណ្ឌលឯការនៃសាកលវិទ្យាល័យភូមិន្ទកសិកម្មចំការដូង

Powered by Koha